[Event "World Blitz 2015"]
[Site "Berlin GER"]
[Date "2015.10.13"]
[Round "10.46"]
[White "Dlugy, Maxim"]
[Black "Swiercz, Dariusz"]
[Result "0-1"]
[WhiteTitle "GM"]
[BlackTitle "GM"]
[WhiteElo "2518"]
[BlackElo "2620"]
[WhiteFideId "2000075"]
[BlackFideId "1126881"]
[EventDate "2015.10.13"]

1. d4 d5 2. c4 c6 3. Nf3 Nf6 4. Qc2 dxc4 5. Qxc4 Bf5 6. g3 e6 7. Bg2 Nbd7 8. O-O
Be7 9. e3 O-O 10. Rd1 Qc7 11. Nc3 h6 12. Qe2 Ne4 13. Bd2 Nxc3 14. Bxc3 Be4 15.
Rac1 Rfd8 16. Bh3 Nf6 17. Nd2 Qb6 18. Nxe4 Nxe4 19. Be1 Rac8 20. Bg2 Nf6 21. b4
a6 22. a3 Rd7 23. Rc2 Rcd8 24. Rdc1 Nd5 25. Bd2 Qb5 26. Bf1 Qxe2 27. Bxe2 Nb6
28. Be1 Bf6 29. f4 g6 30. g4 g5 31. Bg3 Nd5 32. Kf2 gxf4 33. exf4 Bxd4+ 34. Kf3
Bg7 35. h4 Nc7 36. g5 Nb5 37. Bxb5 axb5 38. Kg4 Rd3 39. gxh6 Bxh6 40. Rc3 f5+
41. Kh5 Bg7 42. Rxd3 Rxd3 43. Bf2 Kf7 44. Bc5 Rd8 0-1

[Event "World Blitz 2015"]
[Site "Berlin GER"]
[Date "2015.10.13"]
[Round "10.47"]
[White "Khismatullin, Denis"]
[Black "Ragger, Markus"]
[Result "0-1"]
[WhiteTitle "GM"]
[BlackTitle "GM"]
[WhiteElo "2651"]
[BlackElo "2698"]
[WhiteFideId "4142578"]
[BlackFideId "1610856"]
[EventDate "2015.10.13"]

1. c4 c6 2. Nf3 d5 3. e3 Nf6 4. Nc3 a6 5. Be2 Bg4 6. Qb3 b5 7. cxd5 cxd5 8. a4
b4 9. Qxb4 Nc6 10. Qf4 e6 11. Nd4 Nb4 12. Qg3 Bd6 13. f4 Bxe2 14. Kxe2 O-O 15.
d3 Re8 16. Bd2 g6 17. Nf3 Rb8 18. Rhc1 d4 19. exd4 Nh5 20. Qf2 Nxf4+ 21. Bxf4
Bxf4 22. Rd1 Nc2 23. Rab1 Be3 24. Qg3 Bxd4 25. Ne4 Bg7 26. Rd2 Nd4+ 27. Nxd4
Qxd4 28. Nd6 Be5 0-1

[Event "World Blitz 2015"]
[Site "Berlin GER"]
[Date "2015.10.13"]
[Round "10.48"]
[White "Bacrot, Etienne"]
[Black "Sethuraman, S.P."]
[Result "1-0"]
[WhiteTitle "GM"]
[BlackTitle "GM"]
[WhiteElo "2697"]
[BlackElo "2640"]
[WhiteFideId "605506"]
[BlackFideId "5021596"]
[EventDate "2015.10.13"]

1. Nf3 d5 2. c4 d4 3. b4 f6 4. Na3 e5 5. Nc2 c5 6. bxc5 Nc6 7. d3 Bxc5 8. g3
Nge7 9. Bg2 O-O 10. Rb1 h6 11. O-O f5 12. Rb5 Qd6 13. Rxc5 Qxc5 14. Ba3 Qa5 15.
Qb1 Re8 16. Qb5 Ng6 17. Qb3 Kh7 18. h4 Qc7 19. Rb1 Rb8 20. Qb5 Be6 21. e3 a6 22.
Qb2 b5 23. h5 Nf8 24. cxb5 Rxb5 25. Qa1 Rxb1+ 26. Qxb1 dxe3 27. Nxe3 Rb8 28. Qc2
Rc8 29. Bxf8 Rxf8 30. d4 Qd6 31. d5 Nb4 32. Qd2 Nxd5 33. Nh4 Qb4 34. Qe2 Nxe3
35. Qxe3 Qd4 36. Qa3 Rb8 37. Qe7 Qd7 38. Qc5 Rb5 39. Qf8 Qc8 40. Qe7 Qd7 41. Qf8
Qf7 42. Ng6 Qg8 43. Qd6 Rb8 44. Qxa6 Re8 45. Nxe5 Bxa2 46. Qg6+ Kh8 47. Qxf5 Be6
48. Ng6+ 1-0

[Event "World Blitz 2015"]
[Site "Berlin GER"]
[Date "2015.10.13"]
[Round "10.49"]
[White "Bachmann, Axel"]
[Black "Wagner, Dennis"]
[Result "1-0"]
[WhiteTitle "GM"]
[BlackTitle "GM"]
[WhiteElo "2593"]
[BlackElo "2575"]
[WhiteFideId "3700488"]
[BlackFideId "24650684"]
[EventDate "2015.10.13"]

1. g3 g6 2. Bg2 Bg7 3. e4 c5 4. Nc3 Nc6 5. d3 e5 6. f4 d6 7. Nf3 Nge7 8. Be3 b6
9. Qd2 O-O 10. h4 Nd4 11. fxe5 dxe5 12. O-O-O Bg4 13. Rdf1 b5 14. Kb1 b4 15. Ne2
Qa5 16. Nc1 Rab8 17. h5 Rfc8 18. Bh6 Bh8 19. hxg6 Nxg6 20. Nb3 Nxb3 21. cxb3 Rd8
22. Ng5 f6 23. Nxh7 Kxh7 24. Bg5+ Kg8 25. Bxf6 Qa6 26. Rxh8+ Nxh8 27. Qg5+ Kf7
28. Qg7+ 1-0

[Event "World Blitz 2015"]
[Site "Berlin GER"]
[Date "2015.10.13"]
[Round "10.50"]
[White "Pavlidis, Antonios"]
[Black "Ivanisevic, Ivan"]
[Result "1-0"]
[WhiteTitle "GM"]
[BlackTitle "GM"]
[WhiteElo "2522"]
[BlackElo "2653"]
[WhiteFideId "4212312"]
[BlackFideId "912417"]
[EventDate "2015.10.13"]

1. e4 c5 2. Nf3 e6 3. d4 cxd4 4. Nxd4 Nc6 5. Nc3 Qc7 6. Be2 a6 7. O-O Nf6 8. Be3
Bb4 9. Na4 O-O 10. c4 Be7 11. Nc3 b6 12. Rc1 Bb7 13. Nd5 exd5 14. cxd5 Rad8 15.
Nf5 Bc5 16. Bxc5 bxc5 17. dxc6 Bxc6 18. Ne7+ Kh8 19. Nxc6 Qxc6 20. e5 Ng8 21. b4
Qe6 22. Rxc5 d6 23. Rd5 Rde8 24. Rxd6 Qxe5 25. Bxa6 Nf6 26. h3 Qb2 27. Qd2 Qa3
28. Bd3 Rd8 29. Bb1 Rb8 30. Rxf6 Rfd8 31. Rd6 1-0

[Event "World Blitz 2015"]
[Site "Berlin GER"]
[Date "2015.10.13"]
[Round "10.51"]
[White "Belov, Vladimir"]
[Black "Abel, Dennes"]
[Result "1-0"]
[WhiteTitle "GM"]
[BlackTitle "IM"]
[WhiteElo "2614"]
[BlackElo "2441"]
[WhiteFideId "4132394"]
[BlackFideId "24605417"]
[EventDate "2015.10.13"]

1. d4 d5 2. c4 c6 3. Nf3 Nf6 4. Nc3 e6 5. Bg5 h6 6. Bxf6 Qxf6 7. e3 Nd7 8. Be2
dxc4 9. O-O g6 10. Bxc4 Bg7 11. Qc2 O-O 12. Rad1 Rd8 13. e4 Qe7 14. e5 b6 15.
Bd3 Bb7 16. Be4 a6 17. Rfe1 Rac8 18. h4 Ba8 19. a3 c5 20. Bxa8 Rxa8 21. d5 Nf8
22. d6 Qb7 23. h5 g5 24. Nh2 b5 25. Ng4 Nd7 26. Ne4 Rac8 27. Qc3 c4 28. Qg3 Kf8
29. f4 gxf4 30. Qxf4 Nc5 31. Nxc5 Rxc5 32. Nxh6 c3 33. bxc3 Rxc3 34. Rf1 Rd7 35.
Nxf7 Rc4 36. Qf2 Kg8 37. h6 Bf8 38. Qg3+ Kh7 39. Qd3+ Qe4 40. Ng5+ 1-0

[Event "World Blitz 2015"]
[Site "Berlin GER"]
[Date "2015.10.13"]
[Round "10.52"]
[White "Bezold, Michael"]
[Black "Roiz, Michael"]
[Result "1-0"]
[WhiteTitle "GM"]
[BlackTitle "GM"]
[WhiteElo "2509"]
[BlackElo "2600"]
[WhiteFideId "4601718"]
[BlackFideId "2804158"]
[EventDate "2015.10.13"]

1. c4 Nf6 2. g3 e6 3. Bg2 d5 4. Nf3 c6 5. Qc2 Nbd7 6. O-O Bd6 7. d3 O-O 8. Nbd2
Re8 9. a3 e5 10. e4 dxe4 11. dxe4 a5 12. b3 Qe7 13. Bb2 Nf8 14. c5 Bxc5 15. Nxe5
Ne6 16. Ndf3 Rd8 17. Nd3 Bd4 18. e5 Bxb2 19. Nxb2 Nd5 20. h4 Bd7 21. Rfe1 c5 22.
Nc4 Bc6 23. Nd6 g6 24. Rad1 a4 25. Rd2 Nb6 26. Re3 axb3 27. Qxb3 Nd7 28. Qc3 Ra7
29. Nh2 Bxg2 30. Kxg2 Rda8 31. Qb2 c4 32. Ng4 Kg7 33. h5 Ndc5 34. h6+ Kh8 35.
Nf6 Nd3 36. Qc3 Rxa3 37. Qxc4 Nxe5 38. Rxa3 Rxa3 39. Qc8+ Qf8 40. Qxf8+ Nxf8 41.
Re2 Rf3 42. Rxe5 Rxf6 43. Re8 Kg8 44. Nc8 Re6 45. Ne7+ Rxe7 46. Rxe7 b5 47. Rb7
Ne6 48. Rb8+ Nf8 49. Rxb5 Ne6 50. Rb8+ Nf8 51. g4 f6 52. Rb7 Ne6 53. Kg3 g5 54.
Kf3 Kh8 55. Rb8+ 1-0

[Event "World Blitz 2015"]
[Site "Berlin GER"]
[Date "2015.10.13"]
[Round "10.53"]
[White "Riff, Jean-Noel"]
[Black "Kryvoruchko, Yuriy"]
[Result "1/2-1/2"]
[WhiteTitle "GM"]
[BlackTitle "GM"]
[WhiteElo "2499"]
[BlackElo "2710"]
[WhiteFideId "611190"]
[BlackFideId "14109182"]
[EventDate "2015.10.13"]

1. e4 e5 2. Nf3 Nc6 3. Bb5 a6 4. Ba4 Nf6 5. O-O Be7 6. Re1 d6 7. c3 Bg4 8. d3
Nd7 9. h3 Bh5 10. Nbd2 O-O 11. Nf1 Nc5 12. Bxc6 bxc6 13. Ng3 Bg6 14. d4 exd4 15.
cxd4 Ne6 16. b3 d5 17. e5 c5 18. Bb2 cxd4 19. Nxd4 Qd7 20. Rc1 c5 21. Ndf5 Rfd8
22. Qxd5 Qxd5 23. Nxe7+ Kf8 24. Nxd5 Rxd5 25. Ba3 Ke8 26. Rc4 Rd2 27. Bxc5 Rc8
28. Be3 Rxc4 29. Bxd2 Rc2 30. Be3 Rxa2 31. f4 Bc2 32. f5 Nc7 33. b4 g6 34. fxg6
hxg6 35. Bc5 Ne6 36. Ne4 Bxe4 37. Rxe4 Nxc5 38. bxc5 Rc2 39. e6 Rxc5 40. exf7+
Kxf7 41. Rb4 Rc7 42. Kf2 a5 43. Ra4 Rc5 44. h4 Kf6 45. g4 Rb5 46. Ke3 Rb3+ 47.
Kd2 Rb5 48. Kc3 Ke5 49. h5 gxh5 50. gxh5 Kf6 51. h6 Kg6 52. Rh4 Kh7 53. Kc2 Rb4
54. Rh5 a4 55. Ra5 Kxh6 56. Kc3 Rb3+ 57. Kc2 Rb4 58. Kc3 1/2-1/2

[Event "World Blitz 2015"]
[Site "Berlin GER"]
[Date "2015.10.13"]
[Round "10.54"]
[White "Savchenko, Boris"]
[Black "Halkias, Stelios"]
[Result "1-0"]
[WhiteTitle "GM"]
[BlackTitle "GM"]
[WhiteElo "2567"]
[BlackElo "2534"]
[WhiteFideId "4147332"]
[BlackFideId "4201809"]
[EventDate "2015.10.13"]

1. Nf3 d6 2. d4 g6 3. e4 Bg7 4. Nc3 Nf6 5. Be2 O-O 6. Be3 c6 7. a4 a5 8. Nd2
Nbd7 9. O-O Qc7 10. f4 e5 11. Nc4 exd4 12. Bxd4 Re8 13. e5 dxe5 14. fxe5 Nd5 15.
Nd6 Re7 16. Nxd5 cxd5 17. Nxf7 Rxf7 18. Rxf7 Kxf7 19. e6+ Kg8 20. exd7 Bxd7 21.
Bxg7 Kxg7 22. Qd4+ Kh6 23. Rf1 Qxc2 24. Rf7 Qxe2 25. Qf4+ g5 26. Qf6+ Kh5 27.
Rxh7+ Kg4 28. h3+ Kg3 29. Qd6+ 1-0

[Event "World Blitz 2015"]
[Site "Berlin GER"]
[Date "2015.10.13"]
[Round "10.55"]
[White "Lagarde, Maxime"]
[Black "Matlakov, Maxim"]
[Result "0-1"]
[WhiteTitle "GM"]
[BlackTitle "GM"]
[WhiteElo "2550"]
[BlackElo "2689"]
[WhiteFideId "662399"]
[BlackFideId "4168003"]
[EventDate "2015.10.13"]

1. e4 c5 2. Nf3 e6 3. d4 cxd4 4. Nxd4 Nc6 5. Nc3 Qc7 6. Be2 Nf6 7. O-O Be7 8.
Be3 d6 9. f4 O-O 10. Kh1 Nxd4 11. Bxd4 e5 12. Be3 b6 13. Bf3 Bb7 14. Qd3 Rac8
15. Rad1 Rfd8 16. f5 Bc6 17. g4 h6 18. g5 hxg5 19. Bxg5 Nh7 20. Be3 b5 21. Rg1
Kh8 22. Rd2 b4 23. Nd5 Bxd5 24. Qxd5 Qc4 25. Qa5 Nf6 26. Rdg2 Bf8 27. Qxa7 Rd7
28. Qa4 d5 29. Bg5 Rd6 30. Bxf6 Rxf6 31. Qb3 dxe4 32. Be2 Qxc2 33. Qh3+ Kg8 34.
Bh5 Qd3 35. Rg3 Qd2 36. Qg4 Qh6 37. Rh3 Qf4 38. Qg2 Rc1 39. Rg3 Rxg1+ 40. Qxg1
Rxf5 41. Be2 g6 42. Qg2 Qc1+ 43. Qg1 Qf4 44. Qg2 Bg7 45. h3 Qc1+ 46. Qg1 Qxb2
47. Bc4 Kh7 48. Rg4 Qc3 49. Bf1 Rh5 50. Qg2 Qf3 51. Kg1 Qxg2+ 52. Bxg2 f5 53.
Rg3 Rh4 54. Rb3 Bf8 0-1

[Event "World Blitz 2015"]
[Site "Berlin GER"]
[Date "2015.10.13"]
[Round "10.56"]
[White "Rublevsky, Sergei"]
[Black "Nielsen, Peter Heine"]
[Result "1-0"]
[WhiteTitle "GM"]
[BlackTitle "GM"]
[WhiteElo "2702"]
[BlackElo "2654"]
[WhiteFideId "4115309"]
[BlackFideId "1400355"]
[EventDate "2015.10.13"]

1. e4 e6 2. d4 a6 3. Nf3 b5 4. Bd3 Bb7 5. Qe2 Nf6 6. Nbd2 c5 7. c3 cxd4 8. cxd4
Be7 9. O-O d6 10. Re1 O-O 11. Nf1 Nbd7 12. Ng3 Qc7 13. Bg5 Rfc8 14. Rac1 Qd8 15.
Rcd1 Nf8 16. h3 b4 17. Bd2 a5 18. Nh2 Qb6 19. Be3 Qd8 20. Ng4 Nxg4 21. Qxg4 Ba6
22. Bxa6 Rxa6 23. d5 e5 24. Nf5 Ng6 25. h4 Bf6 26. Rc1 Rb8 27. Rc6 Rxc6 28. dxc6
Ne7 29. Rc1 Qc7 30. Nxe7+ Bxe7 31. Qd7 Bd8 32. Qe8# 1-0

[Event "World Blitz 2015"]
[Site "Berlin GER"]
[Date "2015.10.13"]
[Round "10.57"]
[White "Van Wely, Loek"]
[Black "Papin, Vasily"]
[Result "1/2-1/2"]
[WhiteTitle "GM"]
[BlackTitle "GM"]
[WhiteElo "2632"]
[BlackElo "2502"]
[WhiteFideId "1000268"]
[BlackFideId "4143183"]
[EventDate "2015.10.13"]

1. d4 Nf6 2. c4 e6 3. Nf3 b6 4. a3 Ba6 5. Qc2 Bb7 6. Nc3 c5 7. e4 cxd4 8. Nxd4
d6 9. Be2 Be7 10. O-O Nbd7 11. Rd1 a6 12. Be3 Qc7 13. Rac1 Rc8 14. f3 O-O 15.
Bf1 Qb8 16. Kh1 Rfe8 17. Qf2 Bd8 18. b4 Bc7 19. Qg1 Qa8 20. Nb3 Bc6 21. a4 Qb8
22. Rb1 Bb7 23. a5 bxa5 24. Nxa5 Bxa5 25. bxa5 Qc7 26. Bb6 Qc6 27. Qd4 Ne5 28.
c5 Ned7 29. Qxd6 Qxd6 30. Rxd6 Nxc5 31. Na2 Nfd7 32. Nb4 Nxb6 33. Rxb6 Ra8 34.
Rc1 Rec8 35. Kg1 Kf8 36. h4 h6 37. h5 Rc7 38. Rxc5 Rxc5 39. Rxb7 Rxa5 40. g4 Ra3
41. Nc6 Rxf3 42. Ne5 Rf4 43. Kg2 Rxe4 44. Nxf7 a5 45. Bd3 Rb4 46. Rc7 a4 47. Ne5
a3 48. Ng6+ Kg8 49. Ne7+ Kh8 50. Ng6+ Kg8 51. Ne7+ Kf8 52. Ng6+ Kg8 53. Ne7+ 1/2-1/2

[Event "World Blitz 2015"]
[Site "Berlin GER"]
[Date "2015.10.13"]
[Round "10.58"]
[White "Godena, Michele"]
[Black "Jumabayev, Rinat"]
[Result "0-1"]
[WhiteTitle "GM"]
[BlackTitle "GM"]
[WhiteElo "2513"]
[BlackElo "2606"]
[WhiteFideId "800090"]
[BlackFideId "13702661"]
[EventDate "2015.10.13"]

1. e4 e5 2. Nf3 Nc6 3. Nc3 Nf6 4. d4 exd4 5. Nxd4 Bb4 6. Nxc6 bxc6 7. Bd3 O-O 8.
O-O Re8 9. Qf3 h6 10. h3 Bxc3 11. bxc3 d6 12. Re1 Nd7 13. Qg3 Qf6 14. Bd2 Rb8
15. Kh2 Ne5 16. f4 Nxd3 17. cxd3 Rb2 18. Re2 d5 19. Rae1 dxe4 20. dxe4 Rxa2 21.
f5 Ra4 22. Qxc7 Ba6 23. Rf2 Qe5+ 24. Qxe5 Rxe5 25. f6 Rexe4 26. Rxe4 Rxe4 27.
fxg7 Kxg7 28. Rf4 Re2 29. Rg4+ Kh7 30. Bf4 Bd3 31. Kg1 a5 32. Bd6 Bc2 33. Bc5 a4
34. Bd4 h5 35. Rg7+ Kh6 36. Rxf7 Be4 0-1

[Event "World Blitz 2015"]
[Site "Berlin GER"]
[Date "2015.10.13"]
[Round "10.59"]
[White "Shabalov, Alexander"]
[Black "Romanov, Evgeny"]
[Result "0-1"]
[WhiteTitle "GM"]
[BlackTitle "GM"]
[WhiteElo "2522"]
[BlackElo "2573"]
[WhiteFideId "2008572"]
[BlackFideId "4148843"]
[EventDate "2015.10.13"]

1. Nf3 d5 2. b3 Bg4 3. Bb2 Nd7 4. g3 Bxf3 5. exf3 Ngf6 6. Bg2 g6 7. O-O Bg7 8.
d3 O-O 9. f4 c6 10. Nd2 a5 11. a3 Ne8 12. Bxg7 Kxg7 13. h4 e6 14. h5 Ndf6 15.
Bf3 Nd6 16. Kg2 Nb5 17. Qe1 Nd4 18. Bd1 Nxh5 19. c3 Nf5 20. Bxh5 gxh5 21. Rh1
Qf6 22. Nf3 Qg6 23. Ne5 Qh6 24. Qe2 h4 25. g4 f6 26. Nd7 Rf7 27. Qxe6 Ne7 28.
Rxh4 Qxh4 29. Rh1 Ng6 30. Qf5 h5 31. Nc5 Qxg4+ 32. Qxg4 hxg4 33. Ne6+ Kg8 34.
Rh6 Nf8 35. Nc5 Re8 0-1

[Event "World Blitz 2015"]
[Site "Berlin GER"]
[Date "2015.10.13"]
[Round "10.60"]
[White "Lenic, Luka"]
[Black "Ehlvest, Jaan"]
[Result "1-0"]
[WhiteTitle "GM"]
[BlackTitle "GM"]
[WhiteElo "2639"]
[BlackElo "2535"]
[WhiteFideId "14603853"]
[BlackFideId "4500016"]
[EventDate "2015.10.13"]

1. d4 Nf6 2. c4 b6 3. Nc3 Bb7 4. Nf3 e6 5. a3 d5 6. cxd5 Nxd5 7. Qc2 Be7 8. e4
Nxc3 9. bxc3 O-O 10. Bd3 c5 11. O-O cxd4 12. cxd4 Nd7 13. Bb2 Rc8 14. Qe2 Qc7
15. a4 a5 16. Nd2 Nb8 17. Rac1 Qf4 18. Nc4 Nd7 19. Qe3 Qb8 20. d5 e5 21. Qh3
Rfd8 22. f4 exf4 23. e5 Nf8 24. d6 Bg5 25. Qg4 Bh6 26. Bd4 f3 27. Rc2 Ba6 28.
Qxf3 Rd7 29. Nxb6 Rxc2 30. Bxc2 Bxf1 31. Nxd7 Nxd7 32. Qxf1 Qb4 33. Qf2 g6 34.
h3 Qc4 35. Kh1 Bg7 36. e6 Qxe6 37. Bxg7 Kxg7 38. Qd2 Qe5 39. Bb3 Qa1+ 40. Kh2
Qe5+ 41. Kh1 f5 42. Bc4 Kf6 43. Bb5 Qa1+ 44. Kh2 Qe5+ 45. Kh1 Qa1+ 46. Kh2 Qe5+
47. Kg1 Qa1+ 48. Kf2 Nc5 49. Bc6 Qe5 50. d7 Nxd7 51. Bxd7 Qc5+ 52. Kf1 Qc4+ 53.
Kg1 Qc5+ 54. Kh1 Ke7 55. Bb5 Kf6 56. Qd8+ Kg7 57. Qd7+ Kh6 58. Qd2+ g5 59. Kh2
Qe5+ 60. Kg1 Qc5+ 61. Kf1 Qb6 62. Qc3 Qd8 63. Qc6+ Kh5 64. Be2+ Kh4 65. Qf3 Qd2
66. Qf2# 1-0

[Event "World Blitz 2015"]
[Site "Berlin GER"]
[Date "2015.10.13"]
[Round "10.61"]
[White "Shchekachev, Andrei"]
[Black "Bok, Benjamin"]
[Result "0-1"]
[WhiteTitle "GM"]
[BlackTitle "GM"]
[WhiteElo "2531"]
[BlackElo "2591"]
[WhiteFideId "4107730"]
[BlackFideId "1017063"]
[EventDate "2015.10.13"]

1. Nf3 g6 2. e4 d6 3. d4 Nf6 4. Bd3 Bg7 5. O-O O-O 6. Re1 Nc6 7. c3 e5 8. h3 Re8
9. Na3 b6 10. Nc2 Bb7 11. Bd2 d5 12. exd5 Qxd5 13. Ne3 Qd7 14. Bb5 exd4 15. Nxd4
a6 16. Bxc6 Bxc6 17. Nxc6 Qxc6 18. Ng4 Rad8 19. Nxf6+ Bxf6 20. Rxe8+ Qxe8 21.
Qe1 Qb5 22. Rb1 Qd5 23. Bf4 Qc4 24. Bg3 Kg7 25. b3 Qc5 26. Qe2 Qxc3 27. Qxa6 Qc2
28. Rf1 Rd2 29. Qb5 h5 30. Be5 Rd1 31. Rxd1 Qxd1+ 32. Kh2 Qc2 33. Bxf6+ Kxf6 34.
Kg3 Qxa2 35. Qc6+ Kg7 36. Qc3+ Kg8 37. h4 Qe2 38. Kh2 Qxf2 39. Qxc7 Qxh4+ 40.
Kg1 Qd4+ 41. Kh1 Qd1+ 42. Kh2 Qxb3 43. Qd8+ Kh7 44. Qf6 Qe6 45. Qf4 b5 46. Qd4
Qc4 47. Qf6 b4 48. Qe7 b3 49. Qf6 Kg8 50. Qd8+ Kg7 51. Qd6 Qc3 0-1

[Event "World Blitz 2015"]
[Site "Berlin GER"]
[Date "2015.10.13"]
[Round "10.62"]
[White "Grandelius, Nils"]
[Black "Naumann, Alexander"]
[Result "1-0"]
[WhiteTitle "GM"]
[BlackTitle "GM"]
[WhiteElo "2647"]
[BlackElo "2545"]
[WhiteFideId "1710400"]
[BlackFideId "4623169"]
[EventDate "2015.10.13"]

1. Nf3 d5 2. e3 Nf6 3. c4 c6 4. Qc2 Nbd7 5. Nc3 e5 6. cxd5 Nxd5 7. a3 Be7 8. Bc4
Nxc3 9. bxc3 O-O 10. O-O Qc7 11. d4 b6 12. Bd3 h6 13. Bb2 c5 14. Be4 Rb8 15.
Rfd1 cxd4 16. cxd4 Qxc2 17. Bxc2 exd4 18. Nxd4 Bf6 19. Rab1 Bb7 20. Nb5 Bxb2 21.
Rxb2 Ne5 22. Nxa7 Nc4 23. Rb3 Rfd8 24. h3 Rxd1+ 25. Bxd1 Ra8 26. Nb5 Ne5 27. Nd6
Bc6 28. f4 Nd7 29. Rc3 Nc5 30. Bb3 Nxb3 31. Rxc6 Rxa3 32. Rc8+ Kh7 33. Nxf7 Nc5
34. Kf2 Ne4+ 35. Kf3 Nf6 36. Rh8+ Kg6 37. Ne5+ Kh5 38. Rd8 b5 39. Ng4 Ng8 40.
Rd5+ Kg6 41. Rxb5 Kh7 42. Rb7 1-0

[Event "World Blitz 2015"]
[Site "Berlin GER"]
[Date "2015.10.13"]
[Round "10.63"]
[White "Inarkiev, Ernesto"]
[Black "Donchenko, Alexander"]
[Result "1-0"]
[WhiteTitle "GM"]
[BlackTitle "GM"]
[WhiteElo "2660"]
[BlackElo "2577"]
[WhiteFideId "4162722"]
[BlackFideId "24603295"]
[EventDate "2015.10.13"]

1. b3 c5 2. Bb2 Nc6 3. e4 e5 4. f4 exf4 5. Nf3 d5 6. exd5 Qxd5 7. Bc4 Qe4+ 8.
Kf2 Be6 9. Ng5 Qg6 10. Nxe6 fxe6 11. Bxe6 Bd6 12. Re1 Nge7 13. Na3 Nd8 14. Bc4
f3 15. gxf3 Bxh2 16. Be5 Qh5 17. Qe2 Ndc6 18. f4 Qh4+ 19. Kg2 Bxf4 20. Bxf4 Qxf4
21. Rf1 Qg5+ 22. Kh1 O-O-O 23. Qh2 Rd4 24. Be6+ Kd8 25. Rg1 Qf6 26. Bh3 Ne5 27.
Raf1 Qc6+ 28. Bg2 Qd6 29. Nb5 Qe6 30. Nxd4 cxd4 31. Re1 N7g6 32. c3 Qd6 33. Re4
dxc3 34. dxc3 Kc7 35. Rge1 Re8 36. Bh3 Kb8 37. Bf5 Qd5 38. Qg2 Rf8 39. Bxg6 Nxg6
40. Re8+ Rxe8 41. Rxe8+ Kc7 42. Qxd5 1-0

[Event "World Blitz 2015"]
[Site "Berlin GER"]
[Date "2015.10.13"]
[Round "10.64"]
[White "Svane, Rasmus"]
[Black "Nikolic, Predrag"]
[Result "0-1"]
[WhiteTitle "IM"]
[BlackTitle "GM"]
[WhiteElo "2543"]
[BlackElo "2603"]
[WhiteFideId "4657101"]
[BlackFideId "14400014"]
[EventDate "2015.10.13"]

1. d4 Nf6 2. c4 e6 3. Nc3 Bb4 4. Qc2 b6 5. e4 Bxc3+ 6. bxc3 d6 7. Bd3 e5 8. f4
c5 9. Nf3 Nbd7 10. O-O Qe7 11. fxe5 dxe5 12. Nh4 g6 13. Nf3 Nh5 14. g4 Ng7 15.
d5 h5 16. g5 O-O 17. a4 a5 18. Be3 Ne8 19. h4 Nd6 20. Qg2 Re8 21. Nd2 Nf8 22.
Rf2 Bg4 23. Rb1 Rab8 24. Qf1 Nh7 25. Nf3 Qd7 26. Nh2 Qxa4 27. Nxg4 hxg4 28. Qe2
Qd7 29. Rg2 f5 30. gxf6 Nxf6 31. Bg5 Nh5 32. Rxg4 Kh7 33. Kh2 Rf8 34. Rbg1 Rf7
35. Be3 Nf4 36. Bxf4 Rxf4 37. Rxf4 exf4 38. e5 Nf5 39. e6 Qe7 40. Bxf5 Qxh4+ 41.
Bh3 Qf6 42. d6 f3 43. Qe3 Rf8 44. d7 Qe7 45. Rf1 Qd6+ 46. Kh1 Qg3 47. Rxf3 Rxf3
48. Qxf3 Qxf3+ 49. Bg2 Qf6 0-1

[Event "World Blitz 2015"]
[Site "Berlin GER"]
[Date "2015.10.13"]
[Round "10.66"]
[White "Guliyev, Namig"]
[Black "Grigoriants, Sergey"]
[Result "0-1"]
[WhiteTitle "GM"]
[BlackTitle "GM"]
[WhiteElo "2579"]
[BlackElo "2603"]
[WhiteFideId "13400363"]
[BlackFideId "4130804"]
[EventDate "2015.10.13"]

1. e4 e5 2. Nf3 Nc6 3. Bb5 a6 4. Ba4 Nf6 5. O-O b5 6. Bb3 Bc5 7. d3 d6 8. c3 h6
9. Nbd2 O-O 10. Qe2 Re8 11. Rd1 Bb6 12. Nf1 Be6 13. Ng3 Qd7 14. Bxe6 Qxe6 15. a4
b4 16. h3 bxc3 17. bxc3 Ne7 18. a5 Ba7 19. d4 exd4 20. cxd4 d5 21. e5 Nd7 22.
Ba3 c5 23. dxc5 Bxc5 24. Bxc5 Nxc5 25. Nd4 Qg6 26. Kh2 Ne6 27. Nf3 Red8 28. Rac1
d4 29. Qe4 Qxe4 30. Nxe4 Rd5 31. Ra1 Nc6 32. Rdc1 Nxe5 33. Nxe5 Rxe5 34. Nd6 Rd5
35. Nc4 Rc8 36. Nd2 Rxc1 37. Rxc1 Rxa5 38. Rc8+ Kh7 39. Nf3 Rd5 40. g3 d3 41.
Rc1 Nd4 42. Nd2 Rb5 43. Kg2 Nb3 44. Nxb3 Rxb3 45. Rc6 a5 46. Kf3 d2+ 47. Ke2 Rd3
48. Kd1 a4 0-1

[Event "World Blitz 2015"]
[Site "Berlin GER"]
[Date "2015.10.13"]
[Round "10.67"]
[White "Motylev, Alexander"]
[Black "Ladva, Ottomar"]
[Result "1-0"]
[WhiteTitle "GM"]
[BlackTitle "IM"]
[WhiteElo "2649"]
[BlackElo "2423"]
[WhiteFideId "4121830"]
[BlackFideId "4500024"]
[EventDate "2015.10.13"]

1. e4 c5 2. Nf3 e6 3. d4 cxd4 4. Nxd4 Nc6 5. Nc3 a6 6. Bf4 d6 7. Nxc6 bxc6 8.
Bc4 Be7 9. O-O d5 10. Bb3 Nf6 11. Ba4 Bb7 12. exd5 exd5 13. Ne2 O-O 14. Nd4 Qd7
15. Qf3 Ne4 16. c4 Nc5 17. Bc2 Ne6 18. Qh3 g6 19. Rfe1 Bf6 20. Nxe6 fxe6 21. Be5
dxc4 22. Rad1 Qf7 23. Bxf6 Qxf6 24. Qxe6+ Qxe6 25. Rxe6 Rae8 26. Rxe8 Rxe8 27.
Kf1 c5 28. f3 Rb8 29. Rd6 Kf7 30. Rb6 c3 31. bxc3 1-0

[Event "World Blitz 2015"]
[Site "Berlin GER"]
[Date "2015.10.13"]
[Round "10.70"]
[White "Carow, Johannes"]
[Black "Sumets, Andrey"]
[Result "1/2-1/2"]
[WhiteTitle "FM"]
[BlackTitle "GM"]
[WhiteElo "2431"]
[BlackElo "2583"]
[WhiteFideId "24692050"]
[BlackFideId "14105500"]
[EventDate "2015.10.13"]

1. d4 Nf6 2. Bg5 d5 3. Nd2 c5 4. e3 Nc6 5. Ngf3 Ne4 6. Bf4 Bg4 7. c3 e6 8. Be2
Nxd2 9. Nxd2 Bxe2 10. Qxe2 Qb6 11. O-O Be7 12. dxc5 Qxc5 13. e4 Rd8 14. Rfd1 Qb6
15. Nb3 dxe4 16. Rxd8+ Bxd8 17. Qxe4 O-O 18. Rd1 Bf6 19. Rd7 Rd8 20. Qd3 g6 21.
Be3 Rxd7 22. Qxd7 Qd8 23. Qxd8+ Bxd8 24. Kf1 e5 25. Ke2 f5 26. f3 Kf7 27. Nc5 b6
28. Na6 Ke6 29. c4 Kd7 30. b4 Be7 31. a3 Kc8 32. b5 Na5 33. c5 Nc4 34. cxb6 axb6
35. a4 Kb7 36. Bc1 Bd6 37. Kd3 Na5 38. Bb2 Kc8 39. Bc3 Nb7 40. g4 Kd7 41. Kc4
Ke6 42. h3 h5 43. Bd2 1/2-1/2